<?xml version="1.0" encoding="UTF-8"?>
<marc:record xmlns:marc="http://www.loc.gov/MARC21/slim">
   <marc:leader>00000nam a2200000 a 4500</marc:leader>
   <marc:datafield ind1="1" ind2=" " tag="100">
      <marc:subfield code="a">Gordon, Richard</marc:subfield>
      <marc:subfield code="4">aut</marc:subfield>
      <marc:subfield code="e">Verfasser/-in</marc:subfield>
   </marc:datafield>
   <marc:datafield ind1=" " ind2=" " tag="653">
      <marc:subfield code="a">Medizin</marc:subfield>
   </marc:datafield>
   <marc:datafield ind1=" " ind2=" " tag="653">
      <marc:subfield code="a">Heilung</marc:subfield>
   </marc:datafield>
   <marc:datafield ind1=" " ind2=" " tag="653">
      <marc:subfield code="a">Energie</marc:subfield>
   </marc:datafield>
   <marc:datafield ind1="0" ind2="0" tag="245">
      <marc:subfield code="a">Quantum Touch</marc:subfield>
   </marc:datafield>
   <marc:datafield ind1="0" ind2="0" tag="245">
      <marc:subfield code="b">Mit den Händen heilen</marc:subfield>
   </marc:datafield>
   <marc:datafield ind1="0" ind2="0" tag="245">
      <marc:subfield code="c">Richard Gordon</marc:subfield>
   </marc:datafield>
   <marc:datafield ind1=" " ind2="1" tag="264">
      <marc:subfield code="a">München</marc:subfield>
      <marc:subfield code="b">Goldmann</marc:subfield>
      <marc:subfield code="c">2005</marc:subfield>
   </marc:datafield>
   <marc:datafield ind1=" " ind2=" " tag="250">
      <marc:subfield code="a">4. Aufl.</marc:subfield>
   </marc:datafield>
   <marc:datafield ind1="1" ind2=" " tag="520">
      <marc:subfield code="a">Jeder Mensch ist ein &#x84;Heiler&#x93;. Der Polarity-Experte Richard Gordon zeigt, wie man diese Fähigkeiten realisiert. Quantum-Touch geht davon aus, dass im Universum nichts wirklich für sich existiert. Die wechselseitige Vernetztheit führt dazu, dass wir immer unbegrenzten Zugang zur Lebensenergie haben. Verschiedene Atemtechniken und ein klar umrissenes Programm zur Konzentration feinstofflicher Energie versetzen den Leser in die Lage, selbst heilend tätig zu werden. So lassen sich Körperfehlstellungen korrigieren, und hohes Fieber sinkt ohne Einsatz von Medikamenten. Ebenso können Tiere geheilt werden. Sogar bei therapieresistenten Krankheiten wie Migräne und Rückenschmerzen werden 100%ige Erfolge erzielt. Darüber hinaus lässt sich Quantum-Touch zur Harmonisierung von Emotionen einsetzen.</marc:subfield>
   </marc:datafield>
   <marc:datafield ind1=" " ind2=" " tag="020">
      <marc:subfield code="a">9783442217205</marc:subfield>
      <marc:subfield code="9">9783442217205</marc:subfield>
   </marc:datafield>
   <marc:datafield ind1=" " ind2=" " tag="020">
      <marc:subfield code="a">3442217202</marc:subfield>
      <marc:subfield code="9">3442217202</marc:subfield>
   </marc:datafield>
   <marc:datafield ind1=" " ind2=" " tag="300">
      <marc:subfield code="a">284 S.: Ill.</marc:subfield>
   </marc:datafield>
</marc:record>
